000 00297nam a22001337a 4500
008 180927b xxu||||| |||| 00| 0 eng d
020 _a9780321130075
041 _aeng
080 _a004
100 _a28
101 _aSHKI
245 _aHTML for the World Wide Web
_cCastro, E
942 _2udc
_cBK
999 _c48608
_d48608